[Event "COL-ch U2300"]
[Site "Pereira"]
[Date "2022.02.20"]
[Round "9"]
[White "Mogollon Tobar, Nicolle Juliet"]
[Black "Oliveros, Camilo"]
[Result "1/2-1/2"]
[WhiteElo "1909"]
[BlackElo "2110"]
[PlyCount "91"]
[EventDate "2022.02.16"]
[EventType "swiss"]
[EventRounds "9"]
[EventCountry "COL"]
[SourceTitle "CBM 207 Extra"]
[Source "ChessBase"]
[SourceDate "2022.05.31"]
[SourceVersion "1"]
[SourceVersionDate "2022.05.31"]
[SourceQuality "1"]

1. e4 c6 2. d4 d5 3. exd5 cxd5 4. Bd3 Nc6 5. c3 g6 6. Bf4 Bg7 7. Nd2 Nh6 8. Ne2 0-0 9. 0-0 Nf5 10. Ng3 Nxg3 11. Bxg3 e5 12. dxe5 Nxe5 13. Bxe5 Bxe5 14. Rc1 d4 15. c4 Qc7 16. g3 Re8 17. b4 h5 18. Qc2 Bg4 19. c5 h4 20. f4 Bg7 21. Nc4 Rad8 22. Nd6 Re3 23. f5 hxg3 24. fxg6 f6 25. Qc4+ Be6 26. Qxd4 gxh2+ 27. Kxh2 Rh3+ 28. Kg2 f5 29. Bxf5 Bxd4 30. Bxe6+ Kh8 31. Kxh3 Qe7 32. Nf7+ Kg7 33. Nxd8 Qxd8 34. Bf7 Qg5 35. Rcd1 Qh5+ 36. Kg3 Qg5+ 37. Kf3 Qf5+ 38. Kg3 Qg5+ 39. Kf3 Be5 40. Ke4 Bh2 41. Kd3 Qg3+ 42. Kc4 Qg2 43. Kd3 Qh3+ 44. Kc4 Qg2 45. Kd3 Qh3+ 46. Kd4 1/2-1/2

[Event "COL-ch U2300"]
[Site "Pereira"]
[Date "2022.02.17"]
[Round "3"]
[White "Oliveros, Camilo"]
[Black "Gonzalez Velasco, Leandro"]
[Result "1-0"]
[WhiteElo "2110"]
[BlackElo "1929"]
[PlyCount "73"]
[EventDate "2022.02.16"]
[EventType "swiss"]
[EventRounds "9"]
[EventCountry "COL"]
[SourceTitle "CBM 207 Extra"]
[Source "ChessBase"]
[SourceDate "2022.05.31"]
[SourceVersion "1"]
[SourceVersionDate "2022.05.31"]
[SourceQuality "1"]

1. d4 Nf6 2. c4 g6 3. Nc3 Bg7 4. e4 d6 5. h3 0-0 6. Be3 e5 7. d5 Na6 8. g4 Nc5 9. f3 a5 10. Nge2 Ne8 11. Qd2 Bd7 12. h4 Rb8 13. Ng3 f5 14. gxf5 gxf5 15. Bg5 Qc8 16. Rg1 f4 17. Nh5 Kh8 18. Qg2 Rf7 19. 0-0-0 c6 20. Bh6 Bg4 21. Bxg7+ Nxg7 22. Nxg7 Rxg7 23. fxg4 cxd5 24. Rxd5 b5 25. cxb5 Na4 26. Qc2 Nxc3 27. bxc3 Rxg4 28. Rxg4 Qxg4 29. Rxd6 Qg1 30. Qd1 Qe3+ 31. Qd2 Qxe4 32. Rd8+ Rxd8 33. Qxd8+ Kg7 34. Qd7+ Kf6 35. Qc6+ Qxc6 36. bxc6 Ke6 37. Bg2 1-0

[Event "COL Subzt 2.3.4"]
[Site "Risarald"]
[Date "2021.11.26"]
[Round "7"]
[White "Oliveros, Camilo"]
[Black "Rodriguez Suarez, Luis Alejandro"]
[Result "1/2-1/2"]
[WhiteElo "2155"]
[BlackElo "1972"]
[PlyCount "49"]
[EventDate "2021.11.23"]
[EventType "swiss"]
[EventRounds "9"]
[EventCountry "COL"]
[SourceTitle "CBM 205 Extra"]
[Source "ChessBase"]
[SourceDate "2022.01.31"]
[SourceVersion "1"]
[SourceVersionDate "2022.01.31"]
[SourceQuality "1"]

1. e4 c6 2. d4 d5 3. Nc3 dxe4 4. Nxe4 Bf5 5. Ng3 Bg6 6. Bc4 Nf6 7. N1e2 Nbd7 8. 0-0 e6 9. Nf4 Nd5 10. Re1 Be7 11. Bb3 Nxf4 12. Bxf4 0-0 13. Qe2 Nf6 14. Rad1 Bd6 15. Be5 a5 16. c3 a4 17. Bc2 Qc7 18. Bxg6 hxg6 19. h4 Rfd8 20. Bxf6 gxf6 21. Ne4 Kg7 22. Rd3 Rh8 23. Rh3 f5 24. Nxd6 Qxd6 25. Qe5+ 1/2-1/2

[Event "COL-ch sf"]
[Site "Santa Rosa"]
[Date "2021.08.11"]
[Round "1"]
[White "Castano, Nestor"]
[Black "Oliveros, Camilo"]
[Result "0-1"]
[WhiteElo "1692"]
[BlackElo "2206"]
[PlyCount "60"]
[EventDate "2021.08.11"]
[EventType "swiss"]
[EventRounds "11"]
[EventCountry "COL"]
[SourceTitle "CBM 204 Extra"]
[Source "ChessBase"]
[SourceDate "2021.11.30"]
[SourceVersion "1"]
[SourceVersionDate "2021.11.30"]
[SourceQuality "1"]

1. c4 d6 2. Nc3 e5 3. g3 g6 4. Bg2 Bg7 5. e4 Ne7 6. Nge2 0-0 7. 0-0 Nbc6 8. d3 f5 9. Nd5 Be6 10. Bg5 fxe4 11. dxe4 h6 12. Be3 Qd7 13. Qd2 Kh7 14. b4 Rf7 15. b5 Nb8 16. Rac1 c6 17. Nxe7 Qxe7 18. a4 Nd7 19. f4 exf4 20. gxf4 Raf8 21. Rfd1 Bg4 22. h3 Bh5 23. Rf1 Nc5 24. Bxc5 dxc5 25. e5 Bxe2 26. Qxe2 cxb5 27. axb5 Rxf4 28. Rxf4 Rxf4 29. e6 Rf5 30. Bd5 Qg5+ 0-1

[Event "COL-ch Amateurs U2300"]
[Site "Bogota"]
[Date "2021.06.23"]
[Round "1"]
[White "Oliveros, Camilo"]
[Black "Campos Gomez, Manuel"]
[Result "0-1"]
[WhiteElo "2235"]
[BlackElo "2009"]
[PlyCount "54"]
[EventDate "2021.06.23"]
[EventType "swiss"]
[EventRounds "7"]
[EventCountry "COL"]
[SourceTitle "CBM 203 Extra"]
[Source "ChessBase"]
[SourceDate "2021.09.30"]
[SourceVersion "1"]
[SourceVersionDate "2021.09.30"]
[SourceQuality "1"]

1. e4 Nf6 2. e5 Nd5 3. d4 d6 4. Nf3 g6 5. Bc4 Nb6 6. Bb3 Bg7 7. Qe2 0-0 8. h3 c5 9. c3 dxe5 10. dxe5 Qc7 11. 0-0 Bf5 12. Bf4 c4 13. Bc2 Bxc2 14. Qxc2 N8d7 15. Re1 Nc5 16. Bg3 Nd3 17. Re4 e6 18. Na3 Rfd8 19. Rd1 Rac8 20. Qe2 Rd5 21. Nd4 a6 22. Nxc4 Qxc4 23. Nf5 Nf4 24. Ne7+ Kf8 25. Qf3 Rxd1+ 26. Kh2 Qd3 27. Qxf4 Rc4 0-1

[Event "COL-ch Superate Intercol U18"]
[Site "Barranquilla"]
[Date "2018.11.28"]
[Round "7.1"]
[White "Corredor Castellanos, Camilo"]
[Black "Oliveros, Camilo"]
[Result "1/2-1/2"]
[WhiteElo "1912"]
[BlackElo "2100"]
[PlyCount "82"]
[EventDate "2018.11.28"]
[EventType "swiss (blitz)"]
[EventRounds "12"]
[EventCountry "COL"]
[SourceTitle "EXT 2024"]
[Source "ChessBase"]
[SourceDate "2023.10.10"]
[SourceVersion "1"]
[SourceVersionDate "2023.10.10"]
[SourceQuality "1"]

1. d4 d6 2. Nf3 Nf6 3. c4 g6 4. Nc3 Bg7 5. e4 Bg4 6. Be3 Nc6 7. h3 Bxf3 8. Qxf3 e5 9. d5 Nd4 10. Qd1 0-0 11. Bd3 c5 12. 0-0 a6 13. Rb1 Nd7 14. a3 f5 15. f3 f4 16. Bf2 g5 17. b4 h5 18. bxc5 Nxc5 19. Bxd4 exd4 20. Na4 b5 21. Nxc5 dxc5 22. cxb5 axb5 23. Bxb5 Rxa3 24. Bc4 Qd6 25. Rb7 g4 26. hxg4 hxg4 27. fxg4 f3 28. Qc1 Re3 29. e5 Qxe5 30. d6+ Kh8 31. Rf7 Rxf7 32. Bxf7 f2+ 33. Kxf2 Qg3+ 34. Kg1 Qxd6 35. Rf5 Be5 36. Rh5+ Kg7 37. Bc4 Bg3 38. Qf1 Re1 39. Rg5+ Kh6 40. Rh5+ Kg6 41. Bd3+ Kg7 1/2-1/2

[Event "COL-ch Superate Intercol U18"]
[Site "Barranquilla"]
[Date "2018.11.28"]
[Round "2.1"]
[White "Molina Sanchez, Juan Manuel"]
[Black "Oliveros, Camilo"]
[Result "0-1"]
[WhiteElo "1491"]
[BlackElo "2100"]
[PlyCount "118"]
[EventDate "2018.11.28"]
[EventType "swiss (blitz)"]
[EventRounds "12"]
[EventCountry "COL"]
[SourceTitle "EXT 2024"]
[Source "ChessBase"]
[SourceDate "2023.10.10"]
[SourceVersion "1"]
[SourceVersionDate "2023.10.10"]
[SourceQuality "1"]

1. e4 c5 2. Nf3 a6 3. d4 cxd4 4. Nxd4 Nf6 5. Nc3 e5 6. Nf3 Nc6 7. Be3 Bb4 8. Bd3 Bxc3+ 9. bxc3 0-0 10. 0-0 d5 11. exd5 Nxd5 12. Bc5 Re8 13. g3 Nxc3 14. Qd2 Nd5 15. Qg5 Nf6 16. Rfe1 Qa5 17. Be3 e4 18. Bd2 Qxg5 19. Nxg5 exd3 20. Rxe8+ Nxe8 21. cxd3 Be6 22. Ne4 b5 23. a3 Nc7 24. Bc3 Nd5 25. Bb2 a5 26. Nc3 Nxc3 27. Bxc3 h5 28. f4 Rd8 29. Rd1 b4 30. axb4 axb4 31. Bb2 b3 32. d4 Nb4 33. Kf2 Ra8 34. Ke3 Ra2 35. Bc3 Nd5+ 36. Kd3 Nxc3 37. Kxc3 Rxh2 38. d5 Bd7 39. Kxb3 Rg2 40. Kc4 Rxg3 41. Kc5 Rf3 42. Kd6 Ba4 43. Kc7 Bxd1 44. d6 Rd3 45. d7 Rxd7+ 46. Kxd7 Bg4+ 47. Kd6 f5 48. Ke5 h4 49. Kd4 h3 50. Ke3 h2 51. Kd4 h1Q 52. Ke5 Qe4+ 53. Kd6 Qd4+ 54. Kc6 Bf3+ 55. Kc7 Qc5+ 56. Kd7 Bc6+ 57. Kd8 Qd6+ 58. Kc8 Qd7+ 59. Kb8 Qb7# 0-1

[Event "COL-ch Superate Intercol U18"]
[Site "Barranquilla"]
[Date "2018.11.28"]
[Round "1.1"]
[White "Oliveros, Camilo"]
[Black "Molina Sanchez, Juan Manuel"]
[Result "1-0"]
[WhiteElo "2100"]
[BlackElo "1491"]
[PlyCount "131"]
[EventDate "2018.11.28"]
[EventType "swiss (blitz)"]
[EventRounds "12"]
[EventCountry "COL"]
[SourceTitle "EXT 2024"]
[Source "ChessBase"]
[SourceDate "2023.10.10"]
[SourceVersion "1"]
[SourceVersionDate "2023.10.10"]
[SourceQuality "1"]

1. e4 e5 2. Nf3 Nc6 3. Bb5 d6 4. d4 exd4 5. Nxd4 Bd7 6. 0-0 a6 7. Bxc6 Bxc6 8. Nxc6 bxc6 9. Nc3 Nf6 10. Bg5 Be7 11. Qd2 0-0 12. Rad1 Nh5 13. Bxe7 Qxe7 14. Rfe1 Qf6 15. Qe3 Rfe8 16. g3 Re7 17. Qe2 g6 18. Qc4 Rae8 19. Qxc6 Qe5 20. Nd5 Qxb2 21. Nxe7+ Rxe7 22. Qxa6 Qxc2 23. Qe2 Qxe2 24. Rxe2 Re5 25. a4 Ra5 26. Ra2 Nf6 27. f3 Nd7 28. Rc1 Nc5 29. Kg2 Kf8 30. h4 Ke7 31. Rc4 Ke6 32. g4 c6 33. h5 d5 34. exd5+ cxd5 35. Rb4 gxh5 36. gxh5 Ke5 37. f4+ Kf5 38. Rb5 Rxa4 39. Rxa4 Nxa4 40. Rxd5+ Ke6 41. Rg5 Kf6 42. Ra5 Nc3 43. Kf3 Nb1 44. Kg4 Nd2 45. Ra6+ Kg7 46. h6+ Kf8 47. Kf5 Nf3 48. Kf6 Ke8 49. Kg7 Nh4 50. Kxh7 Ng6 51. Rxg6 fxg6 52. Kxg6 Kf8 53. h7 Ke7 54. h8Q Kd6 55. Qe5+ Kd7 56. Qf6 Kc7 57. Qe6 Kd8 58. Qf7 Kc8 59. Qe7 Kb8 60. Qd7 Ka8 61. Qb5 Ka7 62. Kf7 Ka8 63. Ke7 Ka7 64. Kd7 Ka8 65. Kc7 Ka7 66. Qb7# 1-0

[Event "COL-ch U18 rap"]
[Site "Barranquilla"]
[Date "2018.11.27"]
[Round "2"]
[White "Oliveros, Camilo"]
[Black "Molina Sanchez, Juan Manuel"]
[Result "1-0"]
[WhiteElo "2049"]
[BlackElo "1619"]
[PlyCount "105"]
[EventDate "2018.11.27"]
[EventType "swiss (rapid)"]
[EventRounds "6"]
[EventCountry "COL"]
[SourceTitle "CBM 187 Extra"]
[Source "ChessBase"]
[SourceDate "2018.11.04"]
[SourceVersion "1"]
[SourceVersionDate "2018.11.04"]
[SourceQuality "1"]

1. e4 e5 2. Nf3 Nc6 3. Bc4 Be7 4. c3 d6 5. d4 exd4 6. cxd4 Nf6 7. Nbd2 a6 8. 0-0 0-0 9. h3 h6 10. Re1 d5 11. exd5 Nxd5 12. Nf1 Bb4 13. Bd2 Bxd2 14. Qxd2 Nf6 15. Ng3 Re8 16. Bb3 Ne7 17. Ne5 Be6 18. Bc2 c5 19. Nf3 cxd4 20. Qxd4 Qxd4 21. Nxd4 Bd5 22. Ba4 b5 23. Bb3 Bxb3 24. axb3 Ned5 25. Rxe8+ Rxe8 26. Rxa6 Nc7 27. Ra7 Nfd5 28. Rb7 b4 29. Nge2 Ne6 30. Rb5 Nxd4 31. Nxd4 Nf4 32. Rxb4 Ne2+ 33. Kf1 Nxd4 34. Rxd4 Rb8 35. b4 Rb5 36. Ke2 Kf8 37. Kd3 Rb6 38. Kc4 Ke7 39. Kc5 Rf6 40. f3 Rg6 41. g4 Rf6 42. f4 g5 43. f5 Ra6 44. b5 Ra2 45. Rd2 f6 46. b6 Ra8 47. b7 Rb8 48. Kb6 Rh8 49. Ka7 h5 50. gxh5 Rxh5 51. b8Q Rxh3 52. Qc7+ Kf8 53. Rd8# 1-0

[Event "Pan American-ch U18"]
[Site "Santiago de Chile"]
[Date "2018.07.27"]
[Round "7"]
[White "Varacalli, Francisco"]
[Black "Oliveros, Camilo"]
[Result "1-0"]
[WhiteElo "2316"]
[BlackElo "2209"]
[PlyCount "88"]
[EventDate "2018.07.22"]
[EventType "swiss"]
[EventRounds "9"]
[EventCountry "CHI"]
[SourceTitle "EXT 2022"]
[Source "ChessBase"]
[SourceDate "2021.10.06"]
[SourceVersion "1"]
[SourceVersionDate "2021.10.06"]
[SourceQuality "1"]

1. e4 e5 2. Nf3 Nc6 3. Bc4 Nf6 4. d3 Be7 5. Bb3 d6 6. c3 0-0 7. 0-0 Na5 8. Bc2 c5 9. Re1 Nc6 10. Nbd2 Re8 11. Nf1 h6 12. h3 Bf8 13. Ng3 d5 14. exd5 Nxd5 15. Ba4 Qc7 16. Bxc6 bxc6 17. c4 Nf6 18. Bd2 Bd6 19. Nh4 Bd7 20. Qf3 Qd8 21. Nhf5 Bf8 22. Re2 Kh7 23. Bc3 g6 24. Ne3 Re6 25. Rae1 Bd6 26. Nef1 Qe7 27. Nd2 Rf8 28. Re3 Ng8 29. Nge4 Bc7 30. Nb3 Bb6 31. Ned2 Bc7 32. Qe2 Re8 33. Nf3 f6 34. Nfd2 f5 35. Qf1 Nf6 36. Nf3 e4 37. Bxf6 Qxf6 38. Nxc5 exf3 39. Nxd7 Qf7 40. Rxe6 Rxe6 41. Nf8+ Qxf8 42. Rxe6 Qf7 43. Qe1 Bd8 44. Rxc6 fxg2 1-0

[Event "Pan American-ch U18"]
[Site "Santiago de Chile"]
[Date "2018.07.25"]
[Round "5"]
[White "Pinto, Daniel"]
[Black "Oliveros, Camilo"]
[Result "0-1"]
[WhiteElo "2171"]
[BlackElo "2209"]
[PlyCount "108"]
[EventDate "2018.07.22"]
[EventType "swiss"]
[EventRounds "9"]
[EventCountry "CHI"]
[SourceTitle "EXT 2022"]
[Source "ChessBase"]
[SourceDate "2021.10.06"]
[SourceVersion "1"]
[SourceVersionDate "2021.10.06"]
[SourceQuality "1"]

1. Nf3 g6 2. g3 c5 3. Bg2 Bg7 4. 0-0 Nc6 5. c4 e6 6. Nc3 Nge7 7. d3 0-0 8. a3 d5 9. cxd5 exd5 10. Bf4 d4 11. Ne4 Nd5 12. Nxc5 Nxf4 13. gxf4 Bh6 14. e3 Bg4 15. h3 Bh5 16. b4 Re8 17. Re1 Ne7 18. Qb3 dxe3 19. fxe3 Nf5 20. Ne4 Bxf3 21. Bxf3 Qh4 22. Bg2 Bg7 23. d4 Rxe4 24. Bxe4 Qg3+ 25. Kf1 Qxh3+ 26. Bg2 Qg3 27. Be4 Nxd4 28. Qd5 Nc6 29. Ra2 Bc3 30. Ree2 Rd8 31. Qb3 Bf6 32. Rad2 Nd4 33. Qd1 Ne6 34. Rxd8+ Nxd8 35. Qe1 Qh3+ 36. Bg2 Qg4 37. Rd2 h5 38. Qd1 Qh4 39. Rd7 Ne6 40. Qf3 Ng7 41. Rxb7 Nf5 42. Rd7 Bc3 43. Rd1 g5 44. e4 Ng3+ 45. Kg1 gxf4 46. Rd3 Be5 47. a4 Qe7 48. Rd5 Qxb4 49. Rxe5 Qd4+ 50. Qf2 Qxe5 51. Qxa7 Ne2+ 52. Kf2 Qb2 53. Kf3 Nd4+ 54. Kxf4 Qf2+ 0-1

[Event "Pan American-ch U18"]
[Site "Santiago de Chile"]
[Date "2018.07.24"]
[Round "4"]
[White "Oliveros, Camilo"]
[Black "Goncalves, Davi Sulzbacher"]
[Result "1/2-1/2"]
[WhiteElo "2209"]
[BlackElo "2183"]
[PlyCount "90"]
[EventDate "2018.07.22"]
[EventType "swiss"]
[EventRounds "9"]
[EventCountry "CHI"]
[SourceTitle "EXT 2022"]
[Source "ChessBase"]
[SourceDate "2021.10.06"]
[SourceVersion "1"]
[SourceVersionDate "2021.10.06"]
[SourceQuality "1"]

1. c4 c5 2. Nc3 Nc6 3. Nf3 g6 4. g3 Bg7 5. Bg2 e5 6. 0-0 Nge7 7. Rb1 0-0 8. a3 a5 9. d3 d6 10. Ne1 Be6 11. Nc2 d5 12. cxd5 Nxd5 13. Ne3 Nb6 14. Ne4 Qe7 15. Qc2 Nd7 16. Nc3 Nd4 17. Ned5 Qd6 18. Qd1 Nb6 19. e4 Bxd5 20. exd5 f5 21. Be3 Nd7 22. Qa4 Nb6 23. Qd1 c4 24. dxc4 Nxc4 25. Bxd4 exd4 26. Nb5 Qc5 27. a4 Qb4 28. Nxd4 Nxb2 29. Rxb2 Qxb2 30. Ne6 Rad8 31. Nxd8 Rxd8 32. Qe1 Qb4 33. Qe6+ Kf8 34. Re1 Bc3 35. Re2 Bd4 36. h4 Qd6 37. h5 Qxe6 38. dxe6 Ke7 39. hxg6 hxg6 40. Bxb7 Rb8 41. Bc6 Rb2 42. Rxb2 Bxb2 43. Bd7 g5 44. Kf1 Bd4 45. Ke2 Bc5 1/2-1/2